Sports Quiz

Random Sports or Auto Racing Quiz
Score 0/15 Timer 05:00
0 Plays Today
Question Answer Wrong Answers
Jeff Gordon NASCAR
83.2%
Formula One
4.2%
World Rally Championship
6.5%
Wales Rally GB World Rally Championship
80.9%
IndyCar
5.8%
Formula One
7.1%
Circuit de Monaco Formula One
80%
IndyCar
4.7%
World Rally Championship
8.8%
Dale Earnhardt NASCAR
79.9%
IndyCar
9.5%
Formula One
4.5%
Michael Schumacher Formula One
79.6%
World Rally Championship
4.5%
IndyCar
9.4%
Lewis Hamilton Formula One
79.5%
NASCAR
6.8%
World Rally Championship
7.9%
Indianapolis 500 IndyCar
76.9%
NASCAR
13.9%
Formula One
3%
Daytona 500 NASCAR
76.2%
IndyCar
14.9%
Formula One
3%
Ayrton Senna Formula One
75.2%
IndyCar
8.4%
World Rally Championship
10.3%
Petter Solberg World Rally Championship
67.8%
IndyCar
11.3%
Formula One
14.5%
Bristol Motor Speedway NASCAR
66.8%
IndyCar
16.5%
Formula One
10.4%
Hélio Castroneves IndyCar
66.3%
Formula One
12.7%
World Rally Championship
15.5%
Scott Dixon IndyCar
64.6%
NASCAR
20.8%
Formula One
8.4%
Sébastien Loeb World Rally Championship
63.8%
IndyCar
9.7%
Formula One
20.5%
Bill France Sr. NASCAR
61.6%
IndyCar
21.9%
Formula One
10.5%
Remove Ads.
Support Sporcle.
Get the best of Sporcle when you Go Orange. This ad-free experience offers more features, more stats, and more fun while also helping to support Sporcle. Thank you for becoming a member.

You're not logged in!

Compare scores with friends on all Sporcle quizzes.
OR
Log In

Show Comments

Extras

Top Quizzes Today


Score Distribution

Your Account Isn't Verified!

In order to create a playlist on Sporcle, you need to verify the email address you used during registration. Go to your Sporcle Settings to finish the process.

Report this User

Report this user for behavior that violates our Community Guidelines.

Details: